उजळती लकेर (Record no. 431808)

MARC details
000 -LEADER
fixed length control field 00497nam a2200157Ia 4500
008 - FIXED-LENGTH DATA ELEMENTS--GENERAL INFORMATION
fixed length control field 100122s9999 xx 000 0 und d
082 ## - DEWEY DECIMAL CLASSIFICATION NUMBER
Item number 55131
Classification number 823.08
100 ## - MAIN ENTRY--PERSONAL NAME
Personal name पारगावकर वि शं
245 ## - TITLE STATEMENT
Title उजळती लकेर
260 ## - PUBLICATION, DISTRIBUTION, ETC. (IMPRINT)
Name of publisher, distributor, etc प्रतिमा प्रकाशन
Date of publication, distribution, etc 1998
300 ## - PHYSICAL DESCRIPTION
Extent 275
630 ## - SUBJECT ADDED ENTRY--UNIFORM TITLE
Uniform title उजळती लकेर
700 ## - ADDED ENTRY--PERSONAL NAME
Personal name पुंडे दत्तात्रय
730 ## - ADDED ENTRY--UNIFORM TITLE
Uniform title उजळती लकेर
942 ## - ADDED ENTRY ELEMENTS (KOHA)
Koha item type Book
Holdings
Withdrawn status Lost status Damaged status Not for loan Home library Current library Date acquired Cost, normal purchase price Total Checkouts Full call number Barcode Date last seen Cost, replacement price Price effective from Koha item type Public note
        S.V. Pathak Library, Vile Parle S.V. Pathak Library, Vile Parle 10/14/1998 180.00   55131 SVPPARLE-55131 01/25/2010 180.00 01/25/2010 Book Edited NA